| 000 | nam a22 a 4500 | ||
|---|---|---|---|
| 999 |
_c421784 _d421784 |
||
| 003 | BLK | ||
| 005 | 20210628095809.0 | ||
| 008 | 210628b bu |||||r|||| 00| 0 bu d | ||
| 040 | _aBLK | ||
| 041 |
_aFRE _cFRE |
||
| 080 |
_aФренска литература _b821.133.1 _x-22 _z821.133.1-22 |
||
| 100 |
_91299 _aAugier, Emile _eпърви автор |
||
| 139 | _aAugier, Emile | ||
| 245 |
_aPhiliberte _bcomedie en trois actes et en vers _cEmile Augier |
||
| 250 | _a2 ed. | ||
| 260 |
_9420371 _aBielefeld ; Leipzig _bVelhagen & Klasing _c1880 |
||
| 300 |
_a101p. _c15cm |
||
| 380 | _aX | ||
| 490 |
_9435080 _aКолекция Редки и ценни издания |
||
| 490 |
_9458910 _aTheatre francais _vXIV série, 3. livraison. |
||
| 852 |
_aРф 880 _bРц |
||
| 942 |
_cKNG _n0 _s1 |
||
| 944 |
_aCR _c2021-06-28 _kМикаела Микова-Илиева _l2021-06-28 |
||
| 999 | _d421784 | ||